Statistics for Trapped Actors Quiz

Click here to take the quiz!

General Stats

  • This quiz has been taken 15,578 times
  • The average score is 10 of 24

Answer Stats

RoleActor% Correct
Harry PotterDaniel Radcliffe
86%
Joey TribbianiMatt LeBlanc
70%
Captain Jean-Luc PicardPatrick Stewart
65%
Edward from "Twilight"Robert Pattinson
65%
Luke SkywalkerMark Hamill
63%
Jack BauerKiefer Sutherland
61%
SpockLeonard Nimoy
61%
FrodoElijah Wood
60%
Buffy from
"Buffy the Vampire Slayer" (TV)
Sarah Michelle Gellar
54%
The FonzHenry Winkler
45%
Tony SopranoJames Gandolfini
35%
Crocodile DundeePaul Hogan
34%
StiflerSeann William Scott
33%
Samantha in "Sex and the City"Kim Cattrall
31%
Ivan DragoDolph Lundgren
30%
McDreamyPatrick Dempsey
30%
Dwight in "The Office"Rainn Wilson
29%
Kevin in "The Wonder Years"Fred Savage
27%
Kramer in "Seinfeld"Michael Richards
25%
MacGyverRichard Dean Anderson
25%
ScreechDustin Diamond
22%
Urkel in "Family Matters"Jaleel White
21%
Sam in "Quantum Leap"Scott Bakula
16%
Jack McCoy in "Law & Order"Sam Waterston
12%

Score Distribution

Percentile by Number Answered

Percent of People with Each Score

Your Score History

You have not taken this quiz